[Event "Deutsche Ländermeisterschaft 2025"]
[Site "Oer-Erkenschwick GER"]
[Date "2025.10.03"]
[Round "5"]
[White "Seyedfakhari, Elena"]
[Black "Bayer, Klara"]
[Result "0-1"]
[Termination "normal"]
[Board "7.8"]
[WhiteElo "1469"]
[BlackElo "1749"]
[WhiteClock "00:51:17"]
[BlackClock "00:33:53"]
[WhiteTeam "Hamburg 2"]
[BlackTeam "Berlin"]
[PlyCount "100"]
[WhiteFideId "34639888"]
[BlackFideId "34658955"]
[EventCountry "GER"]
[EventRounds "7"]
[EventType "team-swiss"]
[EventDate "2025.09.30"]

1. e4 {[%clk 01:30:57]} {[%emt 00:00:02]} c6 {[%clk 01:30:56]} {[%emt
00:00:05]} 2. Nf3 {[%clk 01:30:39]} {[%emt 00:00:47]} d5 {[%clk 01:31:18]}
{[%emt 00:00:08]} 3. d3 {[%clk 01:29:32]} {[%emt 00:01:37]} Bg4 {[%clk
01:31:35]} {[%emt 00:00:14]} 4. Be2 {[%clk 01:29:25]} {[%emt 00:00:37]} e6
{[%clk 01:31:51]} {[%emt 00:00:14]} 5. h3 {[%clk 01:29:24]} {[%emt 00:00:31]}
Bh5 {[%clk 01:32:02]} {[%emt 00:00:18]} 6. O-O {[%clk 01:29:08]} {[%emt
00:00:46]} Nf6 {[%clk 01:31:24]} {[%emt 00:01:08]} 7. Bg5 {[%clk 01:29:08]}
{[%emt 00:00:31]} Be7 {[%clk 01:31:37]} {[%emt 00:00:17]} 8. e5 {[%clk
01:27:58]} {[%emt 00:01:40]} Nfd7 {[%clk 01:31:51]} {[%emt 00:00:15]} 9. Bxe7
{[%clk 01:26:44]} {[%emt 00:01:44]} Qxe7 {[%clk 01:31:45]} {[%emt 00:00:37]}
10. d4 {[%clk 01:26:16]} {[%emt 00:00:58]} c5 {[%clk 01:30:45]} {[%emt
00:01:30]} 11. Nc3 {[%clk 01:25:49]} {[%emt 00:00:57]} a6 {[%clk 01:29:48]}
{[%emt 00:01:27]} 12. Re1 {[%clk 01:25:50]} {[%emt 00:00:28]} Nc6 {[%clk
01:29:53]} {[%emt 00:00:27]} 13. Qd2 {[%clk 01:24:10]} {[%emt 00:02:08]} Bxf3
{[%clk 01:28:51]} {[%emt 00:01:33]} 14. Bxf3 {[%clk 01:23:59]} {[%emt
00:00:41]} Nxd4 {[%clk 01:29:11]} {[%emt 00:00:11]} 15. Bg4 {[%clk 01:21:54]}
{[%emt 00:02:30]} O-O {[%clk 01:27:44]} {[%emt 00:02:01]} 16. Ne2 {[%clk
01:21:42]} {[%emt 00:00:42]} Nxe5 {[%clk 01:25:11]} {[%emt 00:03:03]} 17. Nxd4
{[%clk 01:21:03]} {[%emt 00:01:09]} Nxg4 {[%clk 01:25:34]} {[%emt 00:00:07]}
18. hxg4 {[%clk 01:20:53]} {[%emt 00:00:39]} cxd4 {[%clk 01:26:00]} {[%emt
00:00:05]} 19. Qxd4 {[%clk 01:21:06]} {[%emt 00:00:17]} Qg5 {[%clk 01:23:09]}
{[%emt 00:03:21]} 20. Re5 {[%clk 01:19:28]} {[%emt 00:02:04]} Qf6 {[%clk
01:23:14]} {[%emt 00:00:28]} 21. g5 {[%clk 01:19:00]} {[%emt 00:00:58]} Qg6
{[%clk 01:23:31]} {[%emt 00:00:12]} 22. Qd2 {[%clk 01:18:12]} {[%emt 00:01:19]}
Rac8 {[%clk 01:23:40]} {[%emt 00:00:21]} 23. c3 {[%clk 01:17:42]} {[%emt
00:01:00]} Rc4 {[%clk 01:23:00]} {[%emt 00:01:10]} 24. f4 {[%clk 01:16:26]}
{[%emt 00:01:46]} d4 {[%clk 01:15:26]} {[%emt 00:08:04]} 25. cxd4 {[%clk
01:15:27]} {[%emt 00:01:28]} Rd8 {[%clk 01:11:45]} {[%emt 00:04:12]} 26. d5
{[%clk 01:13:22]} {[%emt 00:02:36]} Rc2 {[%clk 01:08:35]} {[%emt 00:03:39]} 27.
Qa5 {[%clk 01:11:40]} {[%emt 00:02:11]} Rdc8 {[%clk 01:05:31]} {[%emt
00:03:35]} 28. b3 {[%clk 01:09:15]} {[%emt 00:02:56]} Qd3 {[%clk 01:00:29]}
{[%emt 00:05:32]} 29. Qe1 {[%clk 01:05:33]} {[%emt 00:04:08]} Qd4+ {[%clk
00:59:50]} {[%emt 00:01:11]} 30. Kh1 {[%clk 01:04:17]} {[%emt 00:01:44]} Qxf4
{[%clk 00:46:36]} {[%emt 00:13:47]} 31. d6 {[%clk 01:00:01]} {[%emt 00:04:46]}
Qg4 {[%clk 00:39:26]} {[%emt 00:07:39]} 32. Qf1 {[%clk 00:58:29]} {[%emt
00:02:04]} Qh4+ {[%clk 00:39:41]} {[%emt 00:00:14]} 33. Kg1 {[%clk 00:58:32]}
{[%emt 00:00:22]} Qd4+ {[%clk 00:39:57]} {[%emt 00:00:19]} 34. Kh1 {[%clk
00:57:42]} {[%emt 00:01:20]} Qxe5 {[%clk 00:38:56]} {[%emt 00:01:32]} 35. d7
{[%clk 00:57:35]} {[%emt 00:00:36]} Rd8 {[%clk 00:39:12]} {[%emt 00:00:14]} 36.
Rd1 {[%clk 00:57:18]} {[%emt 00:00:43]} Qxg5 {[%clk 00:36:07]} {[%emt
00:03:40]} 37. Qf3 {[%clk 00:54:57]} {[%emt 00:02:44]} Rc1 {[%clk 00:34:33]}
{[%emt 00:02:10]} 38. a4 {[%clk 00:51:47]} {[%emt 00:03:40]} Qh4+ {[%clk
00:32:57]} {[%emt 00:02:05]} 39. Kg1 {[%clk 00:51:40]} {[%emt 00:00:35]} Qd4+
{[%clk 00:33:04]} {[%emt 00:00:25]} 40. Kh2 {[%clk 00:50:38]} {[%emt 00:01:21]}
Rxd1 {[%clk 00:32:44]} {[%emt 00:01:02]} 41. Qh3 {[%clk 00:49:56]} {[%emt
00:01:09]} Qf4+ {[%clk 00:32:25]} {[%emt 00:00:52]} 42. g3 {[%clk 00:49:54]}
{[%emt 00:00:32]} Qd2+ {[%clk 00:32:23]} {[%emt 00:00:32]} 43. Qg2 {[%clk
00:49:57]} {[%emt 00:00:27]} Qh6+ {[%clk 00:32:33]} {[%emt 00:00:20]} 44. Qh3
{[%clk 00:49:57]} {[%emt 00:00:30]} Rh1+ {[%clk 00:32:54]} {[%emt 00:00:09]}
45. Kxh1 {[%clk 00:50:11]} {[%emt 00:00:16]} Qxh3+ {[%clk 00:33:14]} {[%emt
00:00:11]} 46. Kg1 {[%clk 00:50:26]} {[%emt 00:00:13]} Qxg3+ {[%clk 00:33:28]}
{[%emt 00:00:18]} 47. Kf1 {[%clk 00:50:49]} {[%emt 00:00:07]} Rxd7 {[%clk
00:33:53]} {[%emt 00:00:05]} 48. a5 {[%clk 00:50:50]} {[%emt 00:00:29]} Qf3+
{[%clk 00:33:29]} {[%emt 00:00:54]} 49. Kg1 {[%clk 00:50:59]} {[%emt 00:00:21]}
Rd1+ {[%clk 00:33:53]} {[%emt 00:00:06]} 50. Kh2 {[%clk 00:51:17]} {[%emt
00:00:12]} Rh1# {[%emt 00:00:06]} 0-1

[Event "Deutsche Ländermeisterschaft 2025"]
[Site "Oer-Erkenschwick GER"]
[Date "2025.10.03"]
[Round "5"]
[White "Herrmann, Jakob"]
[Black "Langer, Paul Georg"]
[Result "1-0"]
[Termination "normal"]
[Board "8.1"]
[WhiteTitle "FM"]
[WhiteElo "2252"]
[BlackElo "1987"]
[WhiteClock "01:25:16"]
[BlackClock "00:04:09"]
[WhiteTeam "Mecklenburg-Vorpommern"]
[BlackTeam "Thüringen"]
[PlyCount "141"]
[WhiteFideId "16287169"]
[BlackFideId "16230051"]
[EventCountry "GER"]
[EventRounds "7"]
[EventType "team-swiss"]
[EventDate "2025.09.30"]

1. d4 {[%clk 01:30:53]} {[%emt 00:00:05]} Nf6 {[%clk 01:30:49]} {[%emt
00:00:13]} 2. c4 {[%clk 01:31:18]} {[%emt 00:00:03]} e6 {[%clk 01:31:15]}
{[%emt 00:00:05]} 3. g3 {[%clk 01:31:44]} {[%emt 00:00:04]} d5 {[%clk
01:31:35]} {[%emt 00:00:10]} 4. Bg2 {[%clk 01:32:09]} {[%emt 00:00:06]} Be7
{[%clk 01:32:00]} {[%emt 00:00:04]} 5. Nf3 {[%clk 01:32:35]} {[%emt 00:00:05]}
O-O {[%clk 01:32:23]} {[%emt 00:00:07]} 6. O-O {[%clk 01:33:00]} {[%emt
00:00:03]} dxc4 {[%clk 01:32:50]} {[%emt 00:00:05]} 7. Qc2 {[%clk 01:33:25]}
{[%emt 00:00:05]} a6 {[%clk 01:33:16]} {[%emt 00:00:05]} 8. a4 {[%clk
01:33:50]} {[%emt 00:00:03]} b6 {[%clk 01:33:40]} {[%emt 00:00:06]} 9. Ne5
{[%clk 01:34:04]} {[%emt 00:00:16]} Ra7 {[%clk 01:34:01]} {[%emt 00:00:10]} 10.
Rd1 {[%clk 01:34:28]} {[%emt 00:00:06]} Bb7 {[%clk 01:34:14]} {[%emt 00:00:17]}
11. e4 {[%clk 01:34:47]} {[%emt 00:00:11]} Nc6 {[%clk 01:34:22]} {[%emt
00:00:23]} 12. Nxc6 {[%clk 01:35:10]} {[%emt 00:00:07]} Bxc6 {[%clk 01:34:51]}
13. Nc3 {[%clk 01:35:31]} {[%emt 00:00:08]} Bb7 {[%clk 01:33:31]} {[%emt
00:01:49]} 14. Qe2 {[%clk 01:35:29]} {[%emt 00:00:33]} Qe8 {[%clk 01:29:48]}
{[%emt 00:04:13]} 15. Qxc4 {[%clk 01:27:25]} {[%emt 00:08:33]} c5 {[%clk
01:20:41]} {[%emt 00:09:38]} 16. dxc5 {[%clk 01:23:59]} {[%emt 00:03:56]} Bxc5
{[%clk 01:19:07]} {[%emt 00:02:04]} 17. b4 {[%clk 01:24:21]} {[%emt 00:00:08]}
Be7 {[%clk 01:15:46]} {[%emt 00:03:52]} 18. Be3 {[%clk 01:18:21]} {[%emt
00:06:29]} Qc6 {[%clk 00:43:18]} {[%emt 00:32:58]} 19. Qxc6 {[%clk 01:04:23]}
{[%emt 00:14:27]} Bxc6 {[%clk 00:43:40]} {[%emt 00:00:10]} 20. b5 {[%clk
01:04:48]} {[%emt 00:00:04]} axb5 {[%clk 00:34:10]} {[%emt 00:10:00]} 21. axb5
{[%clk 01:05:04]} {[%emt 00:00:14]} Rxa1 {[%clk 00:33:50]} {[%emt 00:00:50]}
22. Rxa1 {[%clk 01:05:29]} {[%emt 00:00:04]} Be8 {[%clk 00:06:58]} {[%emt
00:27:23]} 23. Bxb6 {[%clk 01:04:30]} {[%emt 00:01:29]} Bxb5 {[%clk 00:00:32]}
{[%emt 00:06:56]} 24. Nxb5 {[%clk 01:02:13]} {[%emt 00:02:47]} Rb8 {[%clk
00:00:45]} {[%emt 00:00:17]} 25. e5 {[%clk 01:01:43]} {[%emt 00:00:59]} Nd7
{[%clk 00:00:41]} {[%emt 00:00:35]} 26. Be3 {[%clk 01:02:08]} {[%emt 00:00:05]}
Nxe5 {[%clk 00:00:32]} {[%emt 00:00:39]} 27. Ra8 {[%clk 01:02:23]} {[%emt
00:00:15]} Rxa8 {[%clk 00:00:52]} {[%emt 00:00:10]} 28. Bxa8 {[%clk 01:02:48]}
{[%emt 00:00:05]} f5 {[%clk 00:01:00]} {[%emt 00:00:22]} 29. Nd4 {[%clk
01:02:13]} {[%emt 00:01:05]} Kf7 {[%clk 00:01:13]} {[%emt 00:00:17]} 30. Nc6
{[%clk 01:02:17]} {[%emt 00:00:26]} Nxc6 {[%clk 00:01:15]} {[%emt 00:00:28]}
31. Bxc6 {[%clk 01:02:43]} {[%emt 00:00:05]} g5 {[%clk 00:01:15]} {[%emt
00:00:30]} 32. Kf1 {[%clk 00:59:50]} {[%emt 00:03:22]} Kf6 {[%clk 00:01:11]}
{[%emt 00:00:34]} 33. Be8 {[%clk 00:59:15]} {[%emt 00:01:05]} Ke5 {[%clk
00:01:10]} {[%emt 00:00:31]} 34. Ke2 {[%clk 00:59:22]} {[%emt 00:00:24]} f4
{[%clk 00:01:14]} {[%emt 00:00:26]} 35. Bd2 {[%clk 00:59:14]} {[%emt 00:00:38]}
Kf5 {[%clk 00:01:04]} {[%emt 00:00:40]} 36. f3 {[%clk 00:57:03]} {[%emt
00:02:41]} fxg3 {[%clk 00:00:49]} {[%emt 00:00:46]} 37. hxg3 {[%clk 00:57:27]}
{[%emt 00:00:06]} g4 {[%clk 00:00:59]} {[%emt 00:00:19]} 38. Bh5 {[%clk
00:57:40]} {[%emt 00:00:17]} gxf3+ {[%clk 00:01:08]} {[%emt 00:00:22]} 39. Kxf3
{[%clk 00:58:06]} {[%emt 00:00:04]} Bd6 {[%clk 00:01:14]} {[%emt 00:00:23]} 40.
g4+ {[%clk 00:58:26]} {[%emt 00:00:11]} Kf6 {[%clk 00:01:01]} {[%emt 00:00:42]}
41. Ke4 {[%clk 00:58:34]} {[%emt 00:00:21]} Bc7 {[%clk 00:22:30]} {[%emt
00:09:01]} 42. Bc3+ {[%clk 01:28:20]} {[%emt 00:00:45]} Ke7 {[%clk 00:18:58]}
{[%emt 00:04:02]} 43. Be5 {[%clk 01:27:54]} {[%emt 00:00:56]} Ba5 {[%clk
00:18:56]} {[%emt 00:00:31]} 44. Kd4 {[%clk 01:27:36]} {[%emt 00:00:49]} Bb6+
{[%clk 00:18:36]} {[%emt 00:00:49]} 45. Kc4 {[%clk 01:28:00]} {[%emt 00:00:07]}
Be3 {[%clk 00:18:12]} {[%emt 00:00:54]} 46. Kb5 {[%clk 01:27:36]} {[%emt
00:00:53]} Bc1 {[%clk 00:16:56]} {[%emt 00:01:46]} 47. Kc6 {[%clk 01:27:55]}
{[%emt 00:00:13]} Bd2 {[%clk 00:14:54]} {[%emt 00:02:31]} 48. Bd6+ {[%clk
01:25:02]} {[%emt 00:03:23]} Kf6 {[%clk 00:13:41]} {[%emt 00:01:43]} 49. Kd7
{[%clk 01:25:26]} {[%emt 00:00:06]} e5 {[%clk 00:12:29]} {[%emt 00:01:42]} 50.
Be7+ {[%clk 01:25:17]} {[%emt 00:00:40]} Kg7 {[%clk 00:12:55]} {[%emt
00:00:03]} 51. Ke6 {[%clk 01:25:42]} {[%emt 00:00:05]} e4 {[%clk 00:12:18]}
{[%emt 00:01:07]} 52. g5 {[%clk 01:23:32]} {[%emt 00:02:40]} e3 {[%clk
00:10:08]} {[%emt 00:02:40]} 53. Bf6+ {[%clk 01:23:56]} {[%emt 00:00:07]} Kf8
{[%clk 00:06:32]} {[%emt 00:04:06]} 54. Be2 {[%clk 01:19:47]} {[%emt 00:04:38]}
Bc1 {[%clk 00:05:08]} {[%emt 00:01:54]} 55. Kf5 {[%clk 01:20:14]} {[%emt
00:00:03]} Kf7 {[%clk 00:04:35]} {[%emt 00:01:04]} 56. Bc4+ {[%clk 01:20:40]}
{[%emt 00:00:04]} Kf8 {[%clk 00:04:39]} {[%emt 00:00:26]} 57. Kg4 {[%clk
01:21:00]} {[%emt 00:00:09]} e2 {[%clk 00:00:39]} {[%emt 00:04:30]} 58. Bxe2
{[%clk 01:21:26]} {[%emt 00:00:04]} Kf7 {[%clk 00:00:49]} {[%emt 00:00:20]} 59.
Bc4+ {[%clk 01:21:52]} {[%emt 00:00:04]} Kf8 {[%clk 00:00:45]} {[%emt
00:00:33]} 60. Kh5 {[%clk 01:22:17]} {[%emt 00:00:06]} Bxg5 {[%clk 00:00:47]}
{[%emt 00:00:28]} 61. Kxg5 {[%clk 01:22:28]} {[%emt 00:00:20]} Ke8 {[%clk
00:01:08]} {[%emt 00:00:09]} 62. Be6 {[%clk 01:22:50]} {[%emt 00:00:09]} Kf8
{[%clk 00:01:27]} {[%emt 00:00:11]} 63. Kh6 {[%clk 01:23:03]} {[%emt 00:00:16]}
Ke8 {[%clk 00:01:48]} {[%emt 00:00:09]} 64. Kxh7 {[%clk 01:23:29]} {[%emt
00:00:04]} Kf8 {[%clk 00:02:10]} {[%emt 00:00:09]} 65. Kg6 {[%clk 01:23:46]}
{[%emt 00:00:12]} Ke8 {[%clk 00:02:34]} {[%emt 00:00:06]} 66. Bf5 {[%clk
01:23:43]} {[%emt 00:00:33]} Kf8 {[%clk 00:02:58]} {[%emt 00:00:06]} 67. Bd7
{[%clk 01:24:08]} {[%emt 00:00:05]} Kg8 {[%clk 00:03:13]} {[%emt 00:00:15]} 68.
Be7 {[%clk 01:24:27]} {[%emt 00:00:10]} Kh8 {[%clk 00:03:31]} {[%emt 00:00:13]}
69. Bd6 {[%clk 01:24:50]} {[%emt 00:00:07]} Kg8 {[%clk 00:03:53]} {[%emt
00:00:08]} 70. Be6+ {[%clk 01:25:16]} {[%emt 00:00:04]} Kh8 {[%clk 00:04:09]}
{[%emt 00:00:14]} 71. Be5# {[%emt 00:00:05]} 1-0

[Event "Deutsche Ländermeisterschaft 2025"]
[Site "Oer-Erkenschwick GER"]
[Date "2025.10.03"]
[Round "5"]
[White "Apel, Linus"]
[Black "Großmann, Piet"]
[Result "1-0"]
[Termination "normal"]
[Board "8.2"]
[WhiteElo "1902"]
[BlackElo "2077"]
[WhiteClock "00:28:35"]
[BlackClock "00:25:49"]
[WhiteTeam "Thüringen"]
[BlackTeam "Mecklenburg-Vorpommern"]
[PlyCount "95"]
[WhiteFideId "16265785"]
[BlackFideId "16234359"]
[EventCountry "GER"]
[EventRounds "7"]
[EventType "team-swiss"]
[EventDate "2025.09.30"]

1. e4 {[%clk 01:30:57]} {[%emt 00:00:02]} e6 {[%clk 01:30:54]} {[%emt
00:00:06]} 2. d4 {[%clk 01:31:19]} {[%emt 00:00:08]} d5 {[%clk 01:31:18]}
{[%emt 00:00:06]} 3. Nc3 {[%clk 01:31:44]} {[%emt 00:00:05]} Nf6 {[%clk
01:28:42]} {[%emt 00:03:06]} 4. e5 {[%clk 01:32:01]} {[%emt 00:00:14]} Nfd7
{[%clk 01:29:07]} {[%emt 00:00:04]} 5. f4 {[%clk 01:32:19]} {[%emt 00:00:12]}
c5 {[%clk 01:29:33]} {[%emt 00:00:04]} 6. Nf3 {[%clk 01:32:43]} {[%emt
00:00:07]} Nc6 {[%clk 01:29:59]} {[%emt 00:00:03]} 7. Be3 {[%clk 01:33:06]}
{[%emt 00:00:07]} Qb6 {[%clk 01:28:52]} {[%emt 00:01:37]} 8. Na4 {[%clk
01:32:13]} {[%emt 00:01:23]} Qa5+ {[%clk 01:29:06]} {[%emt 00:00:17]} 9. Nc3
{[%clk 01:32:29]} {[%emt 00:00:14]} cxd4 {[%clk 01:28:01]} {[%emt 00:01:35]}
10. Nxd4 {[%clk 01:32:26]} {[%emt 00:00:33]} Bb4 {[%clk 01:20:29]} {[%emt
00:08:01]} 11. Nde2 {[%clk 01:23:41]} {[%emt 00:09:15]} Nc5 {[%clk 01:17:35]}
{[%emt 00:03:24]} 12. a3 {[%clk 01:20:39]} {[%emt 00:03:33]} Bxc3+ {[%clk
01:17:58]} {[%emt 00:00:06]} 13. Nxc3 {[%clk 01:21:02]} {[%emt 00:00:07]} Ne4
{[%clk 01:05:31]} {[%emt 00:12:57]} 14. Bd4 {[%clk 01:18:50]} {[%emt 00:02:42]}
Nxd4 {[%clk 01:01:21]} {[%emt 00:04:40]} 15. Qxd4 {[%clk 01:19:11]} {[%emt
00:00:09]} Nxc3 {[%clk 01:01:46]} {[%emt 00:00:05]} 16. bxc3 {[%clk 01:19:25]}
{[%emt 00:00:17]} Bd7 {[%clk 01:01:36]} {[%emt 00:00:39]} 17. Qb4 {[%clk
01:18:26]} {[%emt 00:01:30]} Qb6 {[%clk 00:49:48]} {[%emt 00:12:17]} 18. Qxb6
{[%clk 01:13:59]} {[%emt 00:04:58]} axb6 {[%clk 00:50:12]} {[%emt 00:00:05]}
19. Kd2 {[%clk 01:14:06]} {[%emt 00:00:22]} Ra4 {[%clk 00:36:59]} {[%emt
00:13:43]} 20. g3 {[%clk 01:04:42]} {[%emt 00:09:55]} Kd8 {[%clk 00:31:27]}
{[%emt 00:06:01]} 21. Bd3 {[%clk 01:03:38]} {[%emt 00:01:34]} Kc7 {[%clk
00:31:48]} {[%emt 00:00:09]} 22. Rhb1 {[%clk 00:58:08]} {[%emt 00:06:00]} Rha8
{[%clk 00:27:23]} {[%emt 00:04:55]} 23. Rb3 {[%clk 00:56:25]} {[%emt 00:02:13]}
h6 {[%clk 00:27:29]} {[%emt 00:00:24]} 24. Rab1 {[%clk 00:50:53]} {[%emt
00:06:02]} Rxa3 {[%clk 00:26:51]} {[%emt 00:01:08]} 25. Rxb6 {[%clk 00:51:14]}
{[%emt 00:00:09]} Bc6 {[%clk 00:27:15]} {[%emt 00:00:05]} 26. R6b4 {[%clk
00:49:38]} {[%emt 00:02:07]} Ra1 {[%clk 00:27:12]} {[%emt 00:00:32]} 27. Ke3
{[%clk 00:43:38]} {[%emt 00:06:29]} R8a3 {[%clk 00:15:22]} {[%emt 00:12:21]}
28. Kd2 {[%clk 00:43:20]} {[%emt 00:00:49]} Ra4 {[%clk 00:14:12]} {[%emt
00:01:40]} 29. Ke3 {[%clk 00:38:59]} {[%emt 00:04:51]} Kb8 {[%clk 00:09:37]}
{[%emt 00:05:04]} 30. h3 {[%clk 00:24:43]} {[%emt 00:14:47]} Kc7 {[%clk
00:08:26]} {[%emt 00:01:41]} 31. f5 {[%clk 00:17:03]} {[%emt 00:08:09]} Rxb1
{[%clk 00:05:53]} {[%emt 00:03:04]} 32. Rxb1 {[%clk 00:17:30]} {[%emt
00:00:04]} Bd7 {[%clk 00:03:31]} {[%emt 00:02:51]} 33. Rf1 {[%clk 00:16:01]}
{[%emt 00:01:59]} Kd8 {[%clk 00:01:14]} {[%emt 00:02:47]} 34. f6 {[%clk
00:14:03]} {[%emt 00:02:28]} g5 {[%clk 00:01:10]} {[%emt 00:00:33]} 35. Rb1
{[%clk 00:09:20]} {[%emt 00:05:13]} Bc6 {[%clk 00:01:00]} {[%emt 00:00:40]} 36.
Rb4 {[%clk 00:03:25]} {[%emt 00:06:26]} Ra1 {[%clk 00:00:53]} {[%emt 00:00:36]}
37. Kf2 {[%clk 00:03:37]} {[%emt 00:00:18]} Rh1 {[%clk 00:00:46]} {[%emt
00:00:37]} 38. h4 {[%clk 00:03:48]} {[%emt 00:00:19]} gxh4 {[%clk 00:00:36]}
{[%emt 00:00:40]} 39. Rxh4 {[%clk 00:03:49]} {[%emt 00:00:29]} Rxh4 {[%clk
00:00:48]} {[%emt 00:00:18]} 40. gxh4 {[%clk 00:04:17]} {[%emt 00:00:02]} Kc7
{[%clk 00:00:38]} {[%emt 00:00:41]} 41. Kg3 {[%clk 00:03:29]} {[%emt 00:01:18]}
Kb6 {[%clk 00:24:18]} {[%emt 00:06:50]} 42. Kg4 {[%clk 00:32:50]} {[%emt
00:01:08]} Kc5 {[%clk 00:24:39]} {[%emt 00:00:09]} 43. Kh5 {[%clk 00:32:30]}
{[%emt 00:00:49]} d4 {[%clk 00:25:07]} {[%emt 00:00:03]} 44. cxd4+ {[%clk
00:28:07]} {[%emt 00:04:54]} Kxd4 {[%clk 00:25:30]} {[%emt 00:00:06]} 45. Kxh6
{[%clk 00:28:30]} {[%emt 00:00:07]} Kxe5 {[%clk 00:25:50]} {[%emt 00:00:10]}
46. Kg5 {[%clk 00:28:03]} {[%emt 00:00:57]} Bf3 {[%clk 00:25:58]} {[%emt
00:00:22]} 47. Bg6 {[%clk 00:28:16]} {[%emt 00:00:17]} fxg6 {[%clk 00:25:49]}
{[%emt 00:00:38]} 48. f7 {[%clk 00:28:35]} {[%emt 00:00:11]} 1-0

[Event "Deutsche Ländermeisterschaft 2025"]
[Site "Oer-Erkenschwick GER"]
[Date "2025.10.03"]
[Round "5"]
[White "Krause, Enrico"]
[Black "Junge, Mattheo Gabriel"]
[Result "1-0"]
[Termination "normal"]
[Board "8.3"]
[WhiteElo "1892"]
[BlackElo "1946"]
[WhiteClock "00:17:30"]
[BlackClock "00:07:05"]
[WhiteTeam "Mecklenburg-Vorpommern"]
[BlackTeam "Thüringen"]
[PlyCount "71"]
[WhiteFideId "34618490"]
[BlackFideId "34605908"]
[EventCountry "GER"]
[EventRounds "7"]
[EventType "team-swiss"]
[EventDate "2025.09.30"]

1. c4 {[%clk 01:30:58]} {[%emt 00:00:02]} Nf6 {[%clk 01:30:55]} {[%emt
00:00:05]} 2. Nc3 {[%clk 01:31:24]} {[%emt 00:00:03]} g6 {[%clk 01:31:20]}
{[%emt 00:00:06]} 3. e4 {[%clk 01:31:52]} {[%emt 00:00:03]} d6 {[%clk
01:31:44]} {[%emt 00:00:05]} 4. d4 {[%clk 01:32:19]} {[%emt 00:00:03]} Bg7
{[%clk 01:32:08]} {[%emt 00:00:05]} 5. Nge2 {[%clk 01:32:46]} {[%emt 00:00:04]}
O-O {[%clk 01:31:48]} {[%emt 00:00:49]} 6. f3 {[%clk 01:33:15]} {[%emt
00:00:02]} e5 {[%clk 01:31:12]} {[%emt 00:01:05]} 7. d5 {[%clk 01:33:42]}
{[%emt 00:00:04]} c6 {[%clk 01:29:34]} {[%emt 00:02:08]} 8. Bg5 {[%clk
01:30:32]} {[%emt 00:03:40]} h6 {[%clk 01:29:10]} {[%emt 00:00:53]} 9. Be3
{[%clk 01:29:22]} {[%emt 00:01:41]} a6 {[%clk 01:10:14]} {[%emt 00:19:26]} 10.
dxc6 {[%clk 01:24:27]} {[%emt 00:05:25]} bxc6 {[%clk 01:02:19]} {[%emt
00:08:24]} 11. Qd2 {[%clk 01:24:16]} {[%emt 00:00:42]} Be6 {[%clk 01:01:02]}
{[%emt 00:01:46]} 12. b3 {[%clk 01:10:17]} {[%emt 00:14:29]} d5 {[%clk
00:57:52]} {[%emt 00:03:39]} 13. cxd5 {[%clk 01:10:28]} {[%emt 00:00:20]} cxd5
{[%clk 00:57:33]} {[%emt 00:00:49]} 14. exd5 {[%clk 01:10:35]} {[%emt
00:00:24]} Bf5 {[%clk 00:49:28]} {[%emt 00:08:32]} 15. Ng3 {[%clk 01:06:07]}
{[%emt 00:05:00]} Nh5 {[%clk 00:43:04]} {[%emt 00:06:53]} 16. Nxf5 {[%clk
00:57:43]} {[%emt 00:08:54]} gxf5 {[%clk 00:43:08]} {[%emt 00:00:26]} 17. Bc4
{[%clk 00:56:18]} {[%emt 00:01:56]} Qf6 {[%clk 00:38:32]} {[%emt 00:05:03]} 18.
Rc1 {[%clk 00:54:23]} {[%emt 00:02:28]} Nd7 {[%clk 00:37:35]} {[%emt 00:01:17]}
19. O-O {[%clk 00:52:22]} {[%emt 00:02:40]} Qg6 {[%clk 00:35:34]} {[%emt
00:02:29]} 20. Na4 {[%clk 00:42:18]} {[%emt 00:10:37]} f4 {[%clk 00:24:15]}
{[%emt 00:11:48]} 21. Bf2 {[%clk 00:39:12]} {[%emt 00:03:37]} Nhf6 {[%clk
00:24:09]} {[%emt 00:00:35]} 22. Nc5 {[%clk 00:35:37]} {[%emt 00:04:05]} Nxc5
{[%clk 00:22:48]} {[%emt 00:01:51]} 23. Bxc5 {[%clk 00:36:03]} {[%emt
00:00:04]} Rfc8 {[%clk 00:22:14]} {[%emt 00:01:04]} 24. Ba3 {[%clk 00:34:47]}
{[%emt 00:01:46]} h5 {[%clk 00:21:39]} {[%emt 00:01:06]} 25. Rfe1 {[%clk
00:29:39]} {[%emt 00:05:38]} e4 {[%clk 00:19:35]} {[%emt 00:02:34]} 26. fxe4
{[%clk 00:27:51]} {[%emt 00:02:17]} Nxe4 {[%clk 00:19:15]} {[%emt 00:00:50]}
27. Qxf4 {[%clk 00:27:49]} {[%emt 00:00:32]} Bd4+ {[%clk 00:19:04]} {[%emt
00:00:40]} 28. Kf1 {[%clk 00:27:31]} {[%emt 00:00:49]} Re8 {[%clk 00:18:49]}
{[%emt 00:00:42]} 29. Rcd1 {[%clk 00:24:28]} {[%emt 00:03:37]} Bc3 {[%clk
00:09:47]} {[%emt 00:09:31]} 30. Re2 {[%clk 00:22:53]} {[%emt 00:02:05]} Nd2+
{[%clk 00:08:44]} {[%emt 00:01:32]} 31. Rdxd2 {[%clk 00:18:42]} {[%emt
00:04:43]} Bxd2 {[%clk 00:08:55]} {[%emt 00:00:18]} 32. Qxd2 {[%clk 00:18:12]}
{[%emt 00:01:00]} Qf6+ {[%clk 00:07:55]} {[%emt 00:01:29]} 33. Rf2 {[%clk
00:17:34]} {[%emt 00:01:09]} Qh4 {[%clk 00:06:36]} {[%emt 00:01:48]} 34. Qf4
{[%clk 00:17:04]} {[%emt 00:01:01]} Qxf4 {[%clk 00:06:49]} {[%emt 00:00:17]}
35. Rxf4 {[%clk 00:17:27]} {[%emt 00:00:07]} Re3 {[%clk 00:07:05]} {[%emt
00:00:14]} 36. d6 {[%clk 00:17:30]} {[%emt 00:00:27]} 1-0